<?xml version="1.0" encoding="UTF-8"?>
<record
    xmlns:xsi="http://www.w3.org/2001/XMLSchema-instance"
    xsi:schemaLocation="http://www.loc.gov/MARC21/slim http://www.loc.gov/standards/marcxml/schema/MARC21slim.xsd"
    xmlns="http://www.loc.gov/MARC21/slim">

  <leader>01108nam0a2200337 i 4500</leader>
  <controlfield tag="001">RU\NLR\bibl\2022147</controlfield>
  <controlfield tag="005">20241103115551.0</controlfield>
  <datafield tag="010" ind1=" " ind2=" ">
    <subfield code="a">9785413011058</subfield>
    <subfield code="9">2000</subfield>
  </datafield>
  <datafield tag="021" ind1=" " ind2=" ">
    <subfield code="a">RU</subfield>
    <subfield code="b">2013-21657</subfield>
    <subfield code="9">1527</subfield>
  </datafield>
  <datafield tag="035" ind1=" " ind2=" ">
    <subfield code="a">(nilc)RuMoRGB-006551627</subfield>
  </datafield>
  <datafield tag="035" ind1=" " ind2=" ">
    <subfield code="a">(NLR Aleph) 002010350</subfield>
  </datafield>
  <datafield tag="090" ind1=" " ind2=" ">
    <subfield code="a">4453715</subfield>
    <subfield code="c">4453715</subfield>
  </datafield>
  <datafield tag="100" ind1=" " ind2=" ">
    <subfield code="a">20131026d2013    u||y0rusy50      ca</subfield>
  </datafield>
  <datafield tag="101" ind1="0" ind2=" ">
    <subfield code="a">rus</subfield>
  </datafield>
  <datafield tag="102" ind1=" " ind2=" ">
    <subfield code="a">RU</subfield>
  </datafield>
  <datafield tag="105" ind1=" " ind2=" ">
    <subfield code="a">a   |||||||||</subfield>
  </datafield>
  <datafield tag="200" ind1="1" ind2=" ">
    <subfield code="a">&#x41A;&#x430;&#x43A; &#x438;&#x437;&#x431;&#x430;&#x432;&#x438;&#x442;&#x44C;&#x441;&#x44F; &#x43E;&#x442; &#x441;&#x442;&#x440;&#x430;&#x434;&#x430;&#x43D;&#x438;&#x439;</subfield>
    <subfield code="e">&#x438;&#x437;&#x43C;&#x435;&#x43D;&#x438;&#x43C; &#x441;&#x443;&#x434;&#x44C;&#x431;&#x443;</subfield>
    <subfield code="f">&#x413;&#x430;&#x43B;&#x438;&#x43D;&#x430; &#x428;&#x435;&#x440;&#x435;&#x43C;&#x435;&#x442;&#x435;&#x432;&#x430;</subfield>
  </datafield>
  <datafield tag="205" ind1=" " ind2=" ">
    <subfield code="a">5-&#x435; &#x438;&#x437;&#x434;.</subfield>
  </datafield>
  <datafield tag="210" ind1=" " ind2=" ">
    <subfield code="a">&#x41C;&#x43E;&#x441;&#x43A;&#x432;&#x430;</subfield>
    <subfield code="c">&#x410;&#x43C;&#x440;&#x438;&#x442;&#x430;-&#x420;&#x443;&#x441;&#x44C;</subfield>
    <subfield code="d">2013</subfield>
  </datafield>
  <datafield tag="215" ind1=" " ind2=" ">
    <subfield code="a">230, [5] &#x441;.</subfield>
    <subfield code="c">&#x438;&#x43B;.</subfield>
    <subfield code="d">20</subfield>
  </datafield>
  <datafield tag="606" ind1=" " ind2=" ">
    <subfield code="a">&#x41F;&#x441;&#x438;&#x445;&#x43E;&#x431;&#x438;&#x43E;&#x44D;&#x43D;&#x435;&#x440;&#x433;&#x435;&#x442;&#x438;&#x43A;&#x430;</subfield>
    <subfield code="9">1524850</subfield>
    <subfield code="3">RU\NLR\AUTH\66964907</subfield>
  </datafield>
  <datafield tag="610" ind1="0" ind2=" ">
    <subfield code="a">&#x43A;&#x430;&#x440;&#x43C;&#x430;</subfield>
  </datafield>
  <datafield tag="686" ind1="1" ind2=" ">
    <subfield code="a">&#x42E;969</subfield>
  </datafield>
  <datafield tag="700" ind1=" " ind2="1">
    <subfield code="a">&#x428;&#x435;&#x440;&#x435;&#x43C;&#x435;&#x442;&#x435;&#x432;&#x430;</subfield>
    <subfield code="b">&#x413;. &#x411;.</subfield>
    <subfield code="g">&#x413;&#x430;&#x43B;&#x438;&#x43D;&#x430; &#x411;&#x43E;&#x440;&#x438;&#x441;&#x43E;&#x432;&#x43D;&#x430;</subfield>
  </datafield>
  <datafield tag="801" ind1=" " ind2="0">
    <subfield code="a">RU</subfield>
    <subfield code="b">RuMoRKP</subfield>
    <subfield code="c">20101122</subfield>
    <subfield code="g">RCR</subfield>
  </datafield>
  <datafield tag="801" ind1=" " ind2="2">
    <subfield code="a">RU</subfield>
    <subfield code="b">&#x420;&#x413;&#x411;</subfield>
    <subfield code="c">20130329</subfield>
    <subfield code="g">rcr</subfield>
  </datafield>
  <datafield tag="801" ind1=" " ind2="1">
    <subfield code="a">RU</subfield>
    <subfield code="b">RuMoRKP</subfield>
    <subfield code="c">20101122</subfield>
    <subfield code="2">rusmarc</subfield>
  </datafield>
  <datafield tag="801" ind1=" " ind2="2">
    <subfield code="a">RU</subfield>
    <subfield code="b">NLR</subfield>
    <subfield code="c">20130409</subfield>
    <subfield code="g">rcr</subfield>
  </datafield>
  <datafield tag="942" ind1=" " ind2=" ">
    <subfield code="c">BOOK</subfield>
  </datafield>
  <datafield tag="980" ind1=" " ind2=" ">
    <subfield code="a">NBR</subfield>
  </datafield>
</record>
